The preacher and his sermon. (Record no. 11545)

000 -LEADER
fixed length control field 00571nam a2200193 a 4500
001 - CONTROL NUMBER
control field :::00009344$&:&@@
003 - CONTROL NUMBER IDENTIFIER
control field OkBaRHE
005 - DATE AND TIME OF LATEST TRANSACTION
control field 20000607103350.0
008 - FIXED-LENGTH DATA ELEMENTS--GENERAL INFORMATION
fixed length control field s1922 j 000 0 eng u
040 ## - CATALOGING SOURCE
Transcribing agency
100 1# - MAIN ENTRY--PERSONAL NAME
Personal name Smyth, J. Paterson.
245 14 - TITLE STATEMENT
Title The preacher and his sermon.
260 ## - PUBLICATION, DISTRIBUTION, ETC. (IMPRINT)
Place of publication, distribution, etc New York, NY., :
Name of publisher, distributor, etc George H. Doran Company
Date of publication, distribution, etc 1922
300 ## - PHYSICAL DESCRIPTION
Extent 143 p. ;
Dimensions 20 cm.
650 ## - SUBJECT ADDED ENTRY--TOPICAL TERM
Topical term or geographic name as entry element Homiletics
650 ## - SUBJECT ADDED ENTRY--TOPICAL TERM
Topical term or geographic name as entry element Sermon Preparation
942 ## - ADDED ENTRY ELEMENTS (KOHA)
Source of classification or shelving scheme
Koha item type Books
Copies
Not for loan Koha item type Lost status Barcode Date last seen Permanent Location Copy number Source of classification or shelving scheme Date acquired Full call number Damaged status Shelving location Price effective from Withdrawn status
 Books 93442010-04-14RHEMA Bible Training College1 2010-04-14BV 4211 .S6 General Stacks2010-04-14